书目信息 |
| 题名: |
工业统计基础知识
|
|
| 作者: | 刘清森 , 应经民 编著 | |
| 分册: | ||
| 出版信息: | 兰州 甘肃人民出版社 1984 |
|
| 页数: | 280页 | |
| 开本: | 19cm | |
| 丛书名: | ||
| 单 册: | ||
| 中图分类: | F402.4 | |
| 科图分类: | ||
| 主题词: | 工业统计学--基础知识 | |
| 电子资源: | ||
| ISBN: | ||
| 000 | 00659nam0 2200241 45 | |
| 001 | 0184014085 | |
| 005 | 20060731081341.50 | |
| 010 | @dCNY0.74 | |
| 091 | @aCN@b4096.51 | |
| 100 | @a19950302d1984 em y0chiy0121 ea | |
| 101 | 0 | @achi |
| 102 | @aCN@b620000 | |
| 105 | @ay z 000yy | |
| 200 | 10 | @a工业统计基础知识@Agong ye tong ji ji chu zhi shi@f应经民,刘清森编著 |
| 210 | @a兰州@c甘肃人民出版社@d1984 | |
| 215 | @a280页@d19cm | |
| 606 | @a工业统计学@x基础知识 | |
| 690 | @aF402.4@v3 | |
| 701 | 0 | @a刘清森@Aliu qing sen@4编著 |
| 701 | 0 | @a应经民@Aying jing min@4编著 |
| 801 | 2 | @aCN@bNLC@c20060731 |
| 801 | 0 | @aCN@bTSSF |
| 905 | @a10447@dF402.4@e90 | |
| 工业统计基础知识/应经民,刘清森编著.-兰州:甘肃人民出版社,1984 |
| 280页;19cm |
| ISBN :CNY0.74 |
| ● |
| 相关链接 |
|
|
|
|
正题名:工业统计基础知识
索取号:F402.4/90
 
预约/预借
| 序号 | 登录号 | 条形码 | 馆藏地/架位号 | 状态 | 备注 |
| 1 | 0440620 | 204406204 | 密集书库/ [索取号:F402.4/90] | 在馆 |